Themed Sports Jersey Quiz Stats

 Plays Quiz not verified by Sporcle

Challenge
Share
Tweet
Score 0/20 Timer 05:00
0 Plays Today
% Correct
Christmas
94%
Pac-Man
90.1%
Halloween
81.4%
The Walking Dead
80.2%
Scream
78.2%
James Bond
77%
Parks and Recreation
67.9%
Robocop
65.3%
V for Vendetta
64.2%
Beetlejuice
61.9%
% Correct
Guardians of the Galaxy
61.5%
The Shining
58.5%
Dumb and Dumber
56.5%
A Clockwork Orange
54.3%
Hellraiser
42.5%
Sons of Anarchy
39.2%
Venom
36.3%
G.I Joe
21.8%
Red Dwarf
10%
Voltron
7.6%

You're not logged in!

Compare scores with friends on all Sporcle quizzes.
Join for Free
OR
Log In

You Might Also Like...

Show Comments

Extras

Top Quizzes Today


Score Distribution

Your Account Isn't Verified!

In order to create a playlist on Sporcle, you need to verify the email address you used during registration. Go to your Sporcle Settings to finish the process.

Report this User

Report this user for behavior that violates our Community Guidelines.

Details: